[Event "EU-ch 4th"]
[Site "Istanbul"]
[Date "2003.06.05"]
[Round "6"]
[White "Gagunashvili, Merab"]
[Black "Arlandi, Ennio"]
[Result "1-0"]
[WhiteElo "2580"]
[BlackElo "2456"]
[Annotator "Ftacnik,L"]
[PlyCount "61"]
[EventDate "2003.05.30"]
[EventType "swiss"]
[EventRounds "13"]
[EventCountry "TUR"]
[SourceTitle "CBM 096"]
[Source "ChessBase"]
[SourceDate "2003.09.25"]
[SourceVersion "1"]
[SourceVersionDate "2003.09.25"]
[SourceQuality "1"]

1. e4 c5 2. Nf3 e6 3. d4 cxd4 4. Nxd4 Nf6 5. Nc3 d6 6. Be3 a6 7. f3 b5 8. Qd2
Nbd7 9. g4 h6 10. h4 b4 11. Na4 d5 12. Bh3 (12. exd5 Nxd5 13. Bc4 (13. O-O-O
Qa5 14. b3 Bb7 15. Re1 Nc5 16. Nxc5 Qa3+ 17. Kd1 Bxc5 18. Ke2 O-O-O 19. Nb5
Nf4+ 20. Bxf4 Rxd2+ 21. Kxd2 Rd8+ {0-1 Papastavropoulos,A-Belov,V/Ano Liosia
2000/ (21)}) 13... Ne5 14. Bxd5 Qxd5 15. O-O-O Nc4 16. Qe2 Bb7 17. b3 Nxe3 18.
Qxe3 Bc5 19. Nxc5 Qxc5 20. Rhe1 O-O-O 21. Rd3 Rd7 {1/2-1/2 Anka,E-Novikov,I/
Berlin 1995/ (42)}) (12. O-O-O dxe4 13. Bc4 Ne5 14. Bb3 Bd7 15. Bf4 Nxf3 16.
Nxf3 exf3 17. Qe3 Qa5 18. Qxf3 Rc8 19. Qb7 Qb5 20. Nb6 Rc6 21. Rxd7 Qxb6 22.
Rhd1 Qxb7 23. Rxb7 Nd5 24. Ba4 {1-0 Varga,Z-Galonska,J/Recklinghausen 1995/ 
(24)}) (12. Bf4 Bb7 13. e5 Ng8 14. Bd3 Ne7 15. b3 Qc7 16. Bb5 Nc6 17. Bxc6 Bxc6
18. Nxc6 Qxc6 19. h5 Rc8 20. Rh2 Nc5 {0-1 Pile,R-Ribeiro,R/Le Grand Bornand
2003/ (37)}) 12... dxe4 13. g5 hxg5 (13... Nd5 14. Bxe6 fxe6 15. O-O-O Ne5 16.
fxe4 Nxe3 17. Qxe3 Qc7 18. Nf3 Nc4 19. Qb3 e5 20. gxh6 g6 21. Kb1 Be6 {1/2-1/2
Gagunashvili,M-Sadykov,R/Oropesa del Mar 2001/ (56)}) 14. hxg5 Nd5 15. g6 $146
{One of the sharpest lines in the dangerous English attack system, but black
is not without his chances.} (15. O-O-O Ne5 16. Qe2 Qa5 17. b3 Bd7 18. Bxe6
fxe6 19. Rxh8 Bxa4 20. fxe4 Nxe3 21. Qxe3 Bd7 22. Qh3 Qxa2 23. Rxf8+ Kxf8 24.
Qh8+ Ke7 25. Qxg7+ Nf7 26. Qf6+ Ke8 27. Rf1 {1-0 Furlan,M-Bratovic,B/Ljubljana
2000/ (46)}) 15... Ne5 (15... fxg6 16. O-O-O (16. Nxe6 Ne5 17. O-O-O Bxe6 18.
Bxe6 Rxh1 19. Rxh1 Nc7 20. Qh2 Nd3+ 21. cxd3 Nxe6 $13) 16... Ne5 17. fxe4 Nxe3
18. Qxe3 Qa5 19. Qg3 $1 $16) 16. gxf7+ Kxf7 (16... Nxf7 $5 17. O-O-O Rxh3 18.
Rxh3 Qd7 $1 (18... e5 19. Nc6 Qd6 20. Qxd5 Qxd5 21. Rxd5 Bxh3 22. Nb6 $14) 19.
b3 e5 20. Rh4 $13) 17. fxe4 Nxe3 (17... Qh4+ 18. Qf2+ (18. Ke2 $2 Qxe4 19.
Bxe6+ Bxe6 20. Rxh8 Nf4+ 21. Kf2 Ng4+ $19) 18... Qxf2+ 19. Bxf2 Nf4 (19... Nc7
20. Nb6 Rb8 21. Nxc8 Rxc8 22. Nxe6 $1 $16) 20. Bxe6+ Nxe6 21. Rxh8 Nxd4 22.
Bxd4 Nf3+ 23. Kf2 Nxd4 24. Rf1 Ne6 25. Ke3+ Ke8 26. Nc5 $14) 18. Qxe3 Qh4+ $2 {
[%mdl 256] This false check displaces white king, but even more importantly it
dislocates black queen.} (18... Be7 19. Ke2 Bf6 20. Raf1 Qd6 $13) 19. Ke2 (19.
Kf1 Ke8 20. Nb6 Rb8 21. Nxc8 Rxc8 $17) 19... Qh5+ (19... Ke8 20. Bxe6 Bxe6 21.
Rxh4 Bc4+ 22. Kd2 Rxh4 23. Re1 $16) 20. Kf2 Ke8 (20... Qh4+ 21. Kg1 Nc4 22.
Bxe6+ Bxe6 23. Rxh4 Nxe3 24. Rxh8 $18) 21. Bxe6 Qxh1 (21... Bxe6 22. Rxh5 Rxh5
23. Qg3 $1 (23. Nxe6 Ng4+ 24. Kf3 Nxe3 25. Nc7+ Ke7 26. Nxa8 Rh3+ $15) 23...
Bd7 24. Rh1 Ng4+ (24... Rxh1 25. Qxe5+ Be7 26. Nb6 $18) 25. Kg1 Rxh1+ 26. Kxh1
$18) 22. Rxh1 Rxh1 23. Qg3 {It becomes obvious, that Arlandi's pieces are not
coordinated while his opponent will try to storm the king.} Bd6 (23... Rh5 24.
Bf5 Bd6 25. Qxg7 Rh2+ 26. Kg1 $18) 24. Qxg7 (24. Nf5 $1 Rh2+ (24... Bb8 25.
Nxg7+ Kf8 26. Nf5 $18) 25. Kf1 Rd2 26. Nxg7+ Kf8 27. Qg5 Rd1+ 28. Ke2 Re1+ 29.
Kf2 $18) 24... Bxe6 25. Nxe6 Rh2+ 26. Kf1 Nf3 (26... Rh1+ 27. Kg2 Rd1 28. Nb6
Rb8 29. Nd5 $18) 27. Nb6 Nd2+ 28. Ke1 Nf3+ 29. Kd1 Rd2+ (29... Rh1+ 30. Ke2 Ne5
31. Nd5 $18) 30. Kc1 Be5 $6 (30... Rd8 31. Nxd8 Bf4 32. Qf7+ Kxd8 33. Qxf4 $18)
31. Qf8# 1-0

[Event "RUS-ch qual 57th"]
[Site "St Petersburg"]
[Date "2004.05.26"]
[Round "5"]
[White "Najer, Evgeniy"]
[Black "Ionov, Sergey"]
[Result "1-0"]
[WhiteElo "2606"]
[BlackElo "2538"]
[Annotator "Ftacnik,L"]
[PlyCount "47"]
[EventDate "2004.05.21"]
[EventType "swiss"]
[EventRounds "9"]
[EventCountry "RUS"]
[SourceTitle "CBM 102"]
[Source "ChessBase"]
[SourceDate "2004.09.23"]
[SourceVersion "1"]
[SourceVersionDate "2004.09.23"]
[SourceQuality "1"]

1. e4 c5 2. Nf3 e6 3. d4 cxd4 4. Nxd4 Nc6 5. Nc3 d6 6. Be3 Nf6 7. Qe2 Be7 8.
O-O-O O-O 9. g4 {Very efficient for of english attack in the Sicilian, white
queen on e2 controls g4 and the bishop from f1 will be developed later.} (9.
Rg1 Qc7 10. g4 d5 11. f3 dxe4 12. fxe4 Nxd4 13. Rxd4 Bc5 14. Rd2 Bxe3 15. Qxe3
Qe5 16. g5 Nd5 17. Qg3 Nf4 18. h4 Ng6 {1/2-1/2 Brestak,J-Mochalov,E/Sala 1993/
(52)}) 9... a6 (9... Nxd4 10. Bxd4 e5 (10... Nxg4 11. Bxg7 (11. Qxg4 e5 12. Qg3
exd4 13. Rxd4 $14) 11... Nxf2 12. Rg1 Bg5+ 13. Rd2 Nh3 (13... Kxg7 14. h4 $18)
14. Rxg5 Qxg5 15. Bxf8 $16) 11. Bxe5 Bxg4 12. f3 Be6 13. Rg1 $14) 10. g5 Nxd4 (
10... Nd7 11. f4) 11. Bxd4 (11. Rxd4 $2 Ng4 $1 $11) 11... Nd7 12. f4 b5 (12...
e5 13. fxe5 Bxg5+ 14. Kb1 dxe5 15. Bxe5 Re8 16. Bg3 b5 17. Rg1 $14) 13. Rg1 (
13. Qg4 b4 14. Ne2 e5 15. Be3 exf4 16. Qxf4 Ne5 $11) 13... b4 14. Na4 Bb7 {
Ionov has done everything right, since the knight on a4 is not a perfect piece
and black can hope for real counterplay.} (14... e5 15. fxe5 dxe5 16. Be3 Qa5
17. b3 $11) 15. b3 Bc6 16. Rg3 (16. Nb2 e5 $1 17. fxe5 dxe5 18. Bxe5 Qa5 19.
Bd4 Qxa2 $17) 16... e5 (16... Bxa4 17. bxa4 Qa5 18. f5 $40) 17. fxe5 (17. Be3
exf4 18. Bxf4 Qa5 19. Bxd6 Bxd6 20. Rxd6 Bxa4 21. bxa4 Nc5 22. Rh3 Ne6 $15)
17... Bxg5+ 18. Be3 (18. Kb1 Bf4 19. Rg2 Bxe5 $17) 18... Bxe3+ (18... Bb5 19.
Bxg5 Bxe2 20. Bxd8 Bxd1 21. Ba5 Bh5 22. exd6 $36) 19. Qxe3 Nxe5 20. Nb6 {
Najer has sacrificed a pawn for the attacking chances.} Ra7 (20... Rb8 21. Nc4
Qf6 22. Nxd6 Rfd8 23. Qg5 Qxg5+ 24. Rxg5 f6 25. Rg3 Kf8 $11) 21. Nc4 Rd7 22.
Bh3 (22. Qd4 Qf6 23. Bh3 Rdd8 24. Nxd6 a5 $15) 22... Nxc4 23. bxc4 Re7 $4 {
[%mdl 8192] Terrible blunder since white has a very easy mating combination.} (
23... Rb7 24. c5 Qf6 $1 (24... Re8 25. cxd6 Rxe4 (25... Bxe4 26. d7 Re7 27. Qg5
f6 28. Qxf6 $18) 26. Qc5 $16) 25. Rxd6 Qa1+ 26. Kd2 Rc7 27. e5 Re8 28. Rxg7+
Kxg7 29. Qg5+ Kf8 30. Qh6+ Kg8 31. Qg5+ $11) 24. Rxg7+ $1 (24. Rxg7+ $1 Kxg7
25. Qg5+ Kh8 26. Qf6+ Kg8 27. Rg1#) 1-0

[Event "Elgoibar 09th"]
[Site "Elgoibar"]
[Date "1999.??.??"]
[Round "7"]
[White "Korneev, Oleg"]
[Black "Ubilava, Elizbar"]
[Result "1-0"]
[WhiteElo "2615"]
[BlackElo "2556"]
[Annotator "Ftacnik,L"]
[PlyCount "49"]
[EventDate "1999.11.??"]
[EventType "tourn"]
[EventRounds "9"]
[EventCountry "ESP"]
[EventCategory "9"]
[SourceTitle "CBM 075"]
[Source "ChessBase"]
[SourceDate "2000.04.05"]
[SourceVersion "1"]
[SourceVersionDate "2000.04.05"]
[SourceQuality "1"]

1. e4 c5 2. Nf3 d6 3. d4 cxd4 4. Nxd4 Nf6 5. Nc3 a6 6. f3 e6 7. Be3 b5 8. Qd2
Bb7 9. O-O-O Nbd7 10. g4 h6 11. Bd3 Rc8 12. Kb1 Ne5 13. Rhe1 Nfd7 14. Nce2 {
It is hard to believe, that this modest move could be a relevant improvement
over the known lines.} (14. g5 hxg5 (14... Nb6 15. g6 Nbc4 16. gxf7+ Kxf7 17.
Qg2 b4 18. Na4 Qd7 19. Qh3 Be7 20. b3 Na3+ 21. Kc1 Bd8 {1/2-1/2 Rodriguez,
A-Iglesias,J/Buenos Aires/1998/ (43)}) 15. Bxg5 Qb6 (15... Qc7 16. f4 Nxd3 17.
cxd3 Qb6 18. Nf3 f6 19. Bh4 b4 20. Na4 Qb5 21. b3 {1-0 Korneev,O-Kharitonov,A/
Salamanca/1998 (34)}) 16. Be3 Qd8 17. f4 Nc4 18. Bxc4 Rxc4 19. f5 e5 20. Nf3
Qc8 21. Ng5 Nf6 22. a3 Be7 23. Rg1 b4 24. axb4 Rxb4 {1/2-1/2 Wang Zili-Ye
Jiangchuan/PRC-chT/1987/ (40)}) (14. f4 Nc4 (14... b4 15. Na4 Nxd3 16. cxd3 Qa5
17. b3 Nc5 18. Nxc5 dxc5 19. Nf3 Be7 20. Ne5 Qb5 21. Nc4 a5 22. h4 Ra8 23. g5
a4 24. Qb2 {1-0 Degraeve,J-Lesiege,A/Parthenay/1992/ (35)}) 15. Qe2 (15. Bxc4
Rxc4 16. Bg1 (16. f5 e5 17. Nf3 Qa8 18. b3 Rxe4 19. Nxe4 Bxe4 20. Ng1 Be7 21.
Bf2 O-O 22. Qe3 Nf6 23. Bh4 Qc6 24. Re2 Rc8 25. Kb2 d5 {0-1 Korneev,O-Topalov,
V/Cala Galdana/1999/ 2000 (31)}) 16... Be7 17. f5 e5 18. Nb3 Nf6 19. Qd3 O-O
20. Nd2 Rc8 21. h3 Qc7 22. Nd5 Bxd5 23. exd5 Qb7 24. Ne4 Rc4 {0-1 Edelman,
D-Tukmakov,V/New York/1990/ (49)}) 15... Nxe3 16. Qxe3 b4 (16... Qb6 17. h4 (
17. f5 e5 18. Nb3 Qxe3 19. Rxe3 Nc5 20. Na5 Ba8 21. Nd5 Bxd5 22. exd5 Be7 {
1/2-1/2 Anand,V-Van Wely,L/Wijk aan Zee/2000/ (31)}) (17. Nd5 exd5 18. exd5+
Kd8 19. Bxb5 axb5 20. Qe8+ Kc7 21. Qxf7 g5 22. Ne6+ Kb8 23. Qxd7 gxf4 24. Rf1 {
1-0 Timman,J-Van Wely,L/Wijk aan Zee/2000/ (37)}) 17... e5 18. fxe5 dxe5 19.
Nf5 Qxe3 20. Nxe3 Be7 21. Rf1 g6 22. h5 Bg5 23. Ned5 {1-0 Peng Xiaomin-Xu Jun/
Beijing/1991/ (42)}) (16... g5 17. e5 gxf4 18. Qxf4 dxe5 19. Nxe6 Qe7 20. Qd2
fxe6 21. Bg6+ Kd8 22. Rf1 {1-0 Morozevich,A-Van Wely,L/Wijk aan Zee/ 2000/ (29)
}) 17. Nd5 g5 18. Nf5 Rg8 19. Qa7 Nc5 20. Bxa6 Bxa6 21. e5 dxe5 22. Nde7 Qxe7
23. Nxe7 Bxe7 24. Rxe5 gxf4 25. Rxc5 Bxc5 26. Qxa6 Ke7 {0-1 Morozevich,
A-Topalov,V/Frankfurt/1999/ (75)}) 14... Nb6 (14... Nxd3 15. cxd3 (15. Qxd3 Ne5
16. Qb3 Nc4 $15) 15... e5 16. Nf5 g6 17. Nxh6 Qh4 18. g5 $13) 15. b3 d5 (15...
Be7 16. h3 (16. f4 $6 Nxg4 17. Bg1 Nc4 $17) 16... Nxd3 17. Qxd3 Bf6 18. f4 $13)
16. Nf4 dxe4 $2 {[%mdl 64] Ubilava loses the sense of danger, please note the
vulnerable position of the black king. White can quickly dispose most of the
pieces blocking access of the white rook from e1 to the opponent's majsesty.} (
16... Bc5 $5 17. exd5 Bxd4 18. Bxb5+ $1 (18. Bxd4 Nxf3 19. Qe3 Nxd5 20. Nxd5
Bxd5) 18... axb5 19. Qxd4 Nxd5 20. Qxe5 Nc3+ 21. Qxc3 Qxd1+ 22. Rxd1 Rxc3 23.
Bd4 Rxf3 24. Bxg7 $11) 17. Ndxe6 $1 fxe6 (17... Qe7 18. Bxb6 $1 (18. Bxe4 $6
Bxe4 19. fxe4 Nbc4 $5 20. bxc4 fxe6 $15) 18... Nxf3 19. Qe3 Nxe1 (19... exd3 $2
20. Nxg7+ $18) 20. Bxe4 Bxe4 21. Qxe4 fxe6 22. Ng6 $18) 18. Bxb6 Nxf3 (18...
Qxb6 19. Bxe4 Be7 (19... Bxe4 20. Rxe4 Qc6 21. Rxe5 Bb4 22. Nxe6 Bxd2 23. Nd4+
$18) 20. Bxb7 Rd8 21. Qc3 $18) 19. Bxb5+ $1 {The defender pays dearly for the
undeveloped kingside pieces.} axb5 (19... Kf7 20. Qxd8 Rxd8 21. Rxd8 Nxe1 22.
Rd7+ Be7 23. Bc5 Re8 24. Ba4 $18) 20. Qxd8+ Rxd8 21. Rxd8+ Kf7 (21... Ke7 22.
Ng6+ Kf6 23. Nxh8 $18) 22. Rd7+ Kg8 (22... Be7 23. Re2 Bc6 24. Rxe7+ Kxe7 25.
Ng6+ $18) 23. Rxb7 Nxe1 24. Nxe6 Kh7 (24... h5 25. Nxf8 Rh6 26. Nd7 hxg4 27.
Bc7 $18) 25. Bc5 1-0

[Event "Bundesliga 0203"]
[Site "Germany"]
[Date "2003.03.09"]
[Round "12.6"]
[White "Sandipan, Chanda"]
[Black "Graf, Alexander"]
[Result "0-1"]
[WhiteElo "2510"]
[BlackElo "2635"]
[Annotator "Ftacnik,L"]
[PlyCount "56"]
[EventDate "2002.10.19"]
[EventType "team-tourn"]
[EventRounds "15"]
[EventCountry "GER"]
[SourceTitle "CBM 094"]
[Source "ChessBase"]
[SourceDate "2003.05.26"]
[SourceVersion "1"]
[SourceVersionDate "2003.05.26"]
[SourceQuality "1"]
[WhiteTeam "Solingen"]
[BlackTeam "Porz"]
[WhiteTeamCountry "GER"]
[BlackTeamCountry "GER"]

1. e4 c5 2. Nf3 e6 3. d4 cxd4 4. Nxd4 Nf6 5. Nc3 d6 6. Be3 a6 7. f3 b5 8. g4
Bb7 9. Qd2 Nc6 10. O-O-O Ne5 11. g5 Nfd7 12. f4 b4 13. Na4 $6 {White believes
in the attacking potential of his pieces, but giving up the central e4 pawn
might be too costly in the medium term.} (13. Nd5 exd5 14. exd5 (14. fxe5 dxe5
15. Bh3 exd4 16. Qxd4 Rc8 17. exd5 Qc7 18. Rd2 Bc5 19. Bxd7+ Kxd7 20. Qg4+ Kd8
21. Bxc5 Qxc5 22. Rhd1 Re8 {0-1 Lukasiewicz,A-Borkowski,F/Polanica Zdroj 1992/
(31)}) 14... Bxd5 15. Bg2 Qa5 16. Bxd5 Qxd5 17. fxe5 dxe5 18. Qe2 Qxa2 19. Nb3
Rc8 20. Qg4 Rc7 21. Rd3 Be7 22. Rhd1 O-O 23. Rxd7 Qxb3 24. Rxc7 Qxe3+ 25. Kb1
Qxg5 {1/2-1/2 Korneev,O-Suba,M/Mondariz 1999/ (38)}) 13... Bxe4 14. fxe5 (14.
Rg1 Nf3 15. Qg2 Qc8 16. Nxf3 Qc6 17. Nd4 Bxg2 18. Nxc6 Bxc6 19. Nb6 Nxb6 20.
Bxb6 Be4 $17) 14... Bxh1 15. Bg2 (15. exd6 Qa5 (15... Rb8 16. Bc4 Bb7 17. Nb3
Bf3 $17) 16. Nb6 Rd8 (16... Nxb6 17. Nb3 Qd5 18. Qxb4 Bxd6 19. Qxd6 Qxd6 20.
Rxd6 Nd5 $15) 17. Nc4 Qxa2 18. Qxb4 Bd5 $17) 15... Bxg2 16. Qxg2 Rc8 17. g6 $5
(17. exd6 Qa5 18. Qb7 Rb8 19. Nc6 Rxb7 20. Nxa5 Rb5 21. Nc6 f5 $17) 17... hxg6
(17... Nxe5 18. gxf7+ Nxf7 (18... Kxf7 19. Nxe6 Qe7 (19... Kxe6 20. Qd5+ Kd7
21. Qxe5 $13) 20. Qd5 Ke8 21. Bd4 $15) 19. Qh3 Qf6 20. Nxe6 Rc6 21. Nb6 $15)
18. Nxe6 Qh4 $6 {It is difficult to blame Graf for not chosing the best
defense with Qa5, white's attacking potential will prove to be surprisingly
dangerous.} (18... fxe6 $4 19. Qxg6+ Ke7 20. exd6#) (18... Qa5 $1 19. Nxf8 Kxf8
(19... Nxe5 20. Nb6 Rd8 21. Nxg6 fxg6 22. Kb1 $13) 20. Qb7 Rd8 21. Bg5 f6 22.
Bf4 fxe5 23. Bg5 Nf6 $19) 19. exd6 (19. Nxf8 Nxe5 20. Nb6 Rc6 21. Nxg6 Qxh2 22.
Nf4 g5 $19) 19... Bxd6 20. Qb7 (20. Rxd6 Qe1+ 21. Rd1 Qxe3+ $19) 20... Rb8 21.
Nxg7+ $2 {[%mdl 64] This faulty move is bad from several aspects, as white is
locking up the knight to a desperate square with no retreat posiibilities.
Even more important is the neglect of the ingenious Nimzowitsch principle:"
The threat is stronger than it's execution! "} (21. Qxa6 $1 Qxh2 (21... fxe6
22. Qxd6 Qe7 23. Qc6 $18) (21... Be5 22. Qc6 Qe7 23. Nac5 $18) 22. Rxd6 Qe5 23.
Bf4 Rh1+ 24. Rd1 Rxd1+ 25. Kxd1 Qd5+ 26. Ke1 Qxe6+ (26... Qe4+ 27. Qe2 Qxe6 28.
Qxe6+ fxe6 29. Bxb8) 27. Qxe6+ fxe6 28. Bxb8 Nxb8 29. c3 bxc3 30. Nxc3 $13)
21... Ke7 22. Qc6 Qf6 23. Nc5 (23. h4 Rhc8 24. Qe4+ Qe5 $19) 23... Nxc5 24.
Rxd6 (24. Bxc5 Qg5+ 25. Kb1 Qxc5 $19) 24... Nd3+ $1 {This must have been lost
on white during calculations, suddenly his king will suffer direct defeat.} 25.
cxd3 (25. Kd2 Rxh2+ 26. Kxd3 Qf1+ (26... Qxd6+ 27. Qxd6+ Kxd6 28. Bf4+ Ke7 29.
Bxb8 Rh7 $19) 27. Ke4 Rh4+ $19) 25... Qf1+ 26. Kc2 Rxh2+ 27. Bd2 Rxd2+ 28. Kxd2
Qf4+ 0-1

[Event "EU-ch 6th"]
[Site "Warsaw"]
[Date "2005.06.18"]
[Round "1"]
[White "Karjakin, Sergey"]
[Black "Del Rio de Angelis, Salvador Gabriel"]
[Result "1-0"]
[WhiteElo "2635"]
[BlackElo "2495"]
[Annotator "Ftacnik,L"]
[PlyCount "63"]
[EventDate "2005.06.18"]
[EventType "swiss"]
[EventRounds "13"]
[EventCountry "POL"]
[SourceTitle "CBM 108"]
[Source "ChessBase"]
[SourceDate "2005.09.26"]
[SourceVersion "1"]
[SourceVersionDate "2005.09.26"]
[SourceQuality "1"]

1. e4 c5 2. Nf3 d6 3. d4 cxd4 4. Nxd4 Nf6 5. Nc3 a6 6. Be3 Nc6 7. f3 e6 8. Qd2
Be7 9. O-O-O O-O 10. g4 Nxd4 11. Bxd4 b5 12. g5 Nd7 13. h4 Qc7 14. Kb1 Rb8 15.
h5 b4 16. Na4 Qa5 17. b3 {Karjakin was playing in Warsaw in an excellent form.
The loss of the g5 pawn is not scaring him, as the opening of the critical g
file will serve as a promissing compensation for the invested material.} (17.
g6 e5 18. h6 fxg6 19. Bc4+ Rf7 20. Bf2 Nf6 21. Bxf7+ Kxf7 22. b3 Be6 23. Bh4
Rg8 24. hxg7 Rxg7 25. Qe3 {1-0 Brendel,O-Kaiser,W/Germany 1999/ (43)}) 17...
Bxg5 (17... Qxg5 18. Be3 Qf6 19. f4 $40) 18. Qg2 $1 f6 (18... Rd8 19. Rg1 f6
20. Be3 Qc7 21. f4 Bh6 22. f5 Bg5 23. Bxg5 fxg5 24. Qxg5 $16) 19. Rg1 Bh6 20.
Bc4 {[%mdl 128] It is well worth noting, that Del Rio Angelis doesn't have
even a shadow of counterplay on the queenside. The whole action is happening
on the other side of the board, wher black king has fallen under the wheels of
a strong attack.} Kh8 21. Be3 (21. Bxe6 Qxh5 22. Rh1 Qe8 23. Bf5 $14) 21...
Qxh5 22. Bxh6 $1 (22. Bxe6 Ne5 23. Bxc8 Rbxc8 $13) 22... Qxh6 23. Rh1 Qf4 (
23... Qg5 24. Qh2 h6 25. Rdg1 Qe3 26. f4 Qxe4 27. Bd3 Qd4 28. Qxh6+ $18) 24.
Rdg1 g5 {If the defender has to resort to such a collosal weakening of his
pawn structure, his chances can not be very promissing.} (24... Rg8 25. Rxh7+
Kxh7 26. Qg6+ Kh8 27. Rh1+ $18) (24... Rf7 25. Rxh7+ Kxh7 26. Qg6+ Kg8 27. Bxe6
$18) 25. Qh3 Rf7 (25... Qh4 26. Qxe6 Ne5 27. Qxd6 Bh3 28. Be6 g4 29. Bxg4 Nxg4
30. Rxg4 $18) 26. Qxe6 Ne5 27. Qe8+ Kg7 28. Bxf7 Nxf7 {The final fireworks
represents the simple, but logical fullfilment of the white's attacking
concept.} (28... Bd7 29. Qxb8 Nxf7 30. Nc5 $18) 29. Rxh7+ $1 Kxh7 30. Qxf7+ Kh6
31. Rh1+ Qh4 32. Qxf6+ 1-0

[Event "Chigorin Memorial 07th"]
[Site "St Petersburg"]
[Date "1999.11.04"]
[Round "3"]
[White "Solovjov, Sergey"]
[Black "Voitsekhovsky, Stanislav"]
[Result "1-0"]
[WhiteElo "2467"]
[BlackElo "2544"]
[Annotator "Ftacnik,L"]
[PlyCount "41"]
[EventDate "1999.11.02"]
[EventType "swiss"]
[EventRounds "9"]
[EventCountry "RUS"]
[SourceTitle "CBM 074"]
[Source "ChessBase"]
[SourceDate "2000.02.01"]
[SourceVersion "1"]
[SourceVersionDate "2000.02.01"]
[SourceQuality "1"]

1. e4 c5 2. Nf3 d6 3. d4 cxd4 4. Nxd4 Nf6 5. Nc3 a6 6. Be3 e6 7. g4 h6 8. f3 b5
9. Qd2 Bb7 10. O-O-O Nbd7 11. h4 b4 12. Nce2 d5 13. Bh3 dxe4 14. g5 hxg5 15.
hxg5 exf3 16. Ng3 Rxh3 $5 $146 {This novelty is dubious, but not completely
out of touch.} (16... Ne4) 17. Rxh3 Ng4 18. g6 Ndf6 $2 (18... Nde5 $1 19. gxf7+
Kxf7 20. Bf4 (20. Bg5 Nd3+ 21. Qxd3 Qxg5+ 22. Kb1 Nf2 23. Nxf3 Qd5 $17) 20...
Nc4 21. Qd3 Nge5 (21... Nxb2 $6 22. Qb3 (22. Kxb2 $2 Nf2 $17) 22... Qd5 23.
Qxb2 Nf2 24. Rh5 Nxd1 25. Rxd5 Nxb2 26. Rd7+ Kg6 27. Rxb7 $16) 22. Qh7 $13) 19.
Rh8 $1 Qe7 (19... fxg6 20. Rxf8+ Kxf8 21. Nxe6+ $18) (19... Qb6 20. Nxe6 Qxe6 (
20... Nxe3 21. Rxf8+ Ke7 22. Rxf7+ Kxe6 23. Rxb7 $18) 21. Bc5 $18) (19... Rc8
20. Nh5 $1 Nd5 (20... Nxh5 21. Qxb4 Qe7 22. Qa4+ $18) 21. Nxg7+ Kd7 22. Ngxe6
fxe6 23. g7 $16) 20. Ndf5 $1 {Black is smashed by the enormous activity of
white pieces.} exf5 21. Nxf5 (21. Nxf5 Qe5 22. Nxg7+ Ke7 23. Qxb4+ $18) 1-0

[Event "Moscow Aeroflot op"]
[Site "Moscow"]
[Date "2002.02.06"]
[Round "3"]
[White "Grischuk, Alexander"]
[Black "Dvoirys, Semen I"]
[Result "1-0"]
[WhiteElo "2671"]
[BlackElo "2563"]
[Annotator "Ftacnik,L"]
[PlyCount "45"]
[EventDate "2002.02.04"]
[EventType "swiss"]
[EventRounds "9"]
[EventCountry "RUS"]
[SourceTitle "CBM 088"]
[Source "ChessBase"]
[SourceDate "2002.03.21"]
[SourceVersion "1"]
[SourceVersionDate "2002.03.21"]
[SourceQuality "1"]

1. e4 c5 2. Nf3 d6 3. d4 cxd4 4. Nxd4 Nf6 5. Nc3 a6 6. f3 e6 7. Be3 b5 8. g4
Nfd7 9. Qd2 Nb6 10. O-O-O N8d7 11. Ndxb5 $5 {[%mdl 8] Quite shocking novelty,
that is trying to refute the whole concept of moving with knights to b6 and d7.
} axb5 12. Nxb5 Rxa2 (12... Ba6 13. Nxd6+ Bxd6 14. Qxd6 Bxf1 15. Bxb6 Qg5+ 16.
f4 Qb5 17. Rhxf1 Rxa2 (17... Nxb6 18. b3 Nd7 19. a4 Qb7 $15) 18. b3 Ra6 19. c4
Qxb6 20. Qxd7+ Kf8 21. Kb2 Ra8 22. Qd6+ Qxd6 23. Rxd6 {1-0 Popovic,D-Genov,P/
Subotica 2002/ (36)}) 13. Kb1 Ra8 (13... Ra4 14. Qc3 Bb7 (14... Qf6 15. Qb3 $1)
15. Nxd6+ Bxd6 16. Rxd6 Nc8 17. Qxg7 Nxd6 18. Qxh8+ $13) 14. Nxd6+ Bxd6 15.
Qxd6 Na4 (15... Ra5 16. Qb4 Ra8 (16... Na8 17. Bb5 $11) 17. Qd6 $11) 16. Bb5
Qe7 $2 {Black is finally losing the coordination in the defense and his
position becomes lost.} (16... Ra5 17. Qc6 Nxb2 18. Kxb2 O-O 19. Bd2 Ra7 $13)
17. Qd4 e5 (17... O-O 18. Bxa4 e5 19. Qc4 $16) 18. Qd5 Nc3+ $8 (18... Ra5 19.
Bxd7+ $18) 19. bxc3 Rb8 20. Rd3 (20. Ba7 Rb7 21. Qxb7 Bxb7 22. Rxd7 Qxd7 23.
Bxd7+ Kxd7 24. Rd1+ Kc6 $14) 20... O-O 21. c4 Nb6 22. Qc5 $1 Qf6 (22... Qxc5
23. Bxc5 Nxc4 24. Bxf8 Rxb5+ 25. Kc1 Kxf8 26. Rd8+ Ke7 27. Rxc8 $18) 23. g5 (
23. g5 Qxf3 24. Qxf8+ $1 Kxf8 25. Bc5+ Kg8 26. Rd8#) 1-0